000 00569nam a2200181 i 4500
001 56590
003 ES-MaACL
005 20250813014530.0
007 t|
008 031010s1935 fr ||||1| fre d
100 1 _aDiderot, Denis,
_d1713-1784
_944511
245 1 0 _aOeuvres /
_cDenis Diderot ; texte établi et annoté par André Billy.
260 _a[París] :
_bLa Pleyade,
_c[1935] (
_eArgentenil :
_fImp. Coulouma)
300 _a1002 p. ;
_c18 cm.
700 0 _aBilly, André,
_d1882-1971
_928895
852 _aES-MaACL
_jA-4248
999 _c56590
_d56590